00289nam a2200121Ia 4500008004100000041000800041082001500049100001900064245002100083260003200104300002400136365000700160240624s9999 xx 000 0 und d aeng a153.3 DEB  aDE BONO EDWARD aLATERAL THINKING c1990aLondonbPenguin Books a260 , p. , 20 : cm. cRS